Statistics for Countries Listed in the Standard Catalog of World Coins

Click here to take the quiz!

General Stats

  • This quiz has been taken 20 times
  • The average score is 176 of 363

Answer Stats

CenturiesAnswer% Correct
17th-21stFrance
100%
18th-21stUnited States of America
100%
20th-21stAustralia
94%
17th-21stAustria
94%
17th-20thChina
94%
20th-21stChina, Peoples Republic of
94%
19th-20thGermany
94%
20th-21stGermany - Federal Republic
94%
18th-21stGreat Britain
94%
17th-21stBrazil
88%
19th-21stCanada
88%
17th-21stJapan
88%
20th-21stMalaysia
88%
17th-21stRussia
88%
18th-21stSwitzerland
88%
18th-21stAfghanistan
81%
20th-21stAndorra
81%
17th-18th & 20th-21stArmenia
81%
17th-21stAzerbaijan
81%
19th-21stBelgium
81%
20th-21stBelize
81%
19thBurma
81%
18th-21stChile
81%
20th-21stChina, Republic of Taiwan
81%
18th-21stColombia
81%
19th-21stCosta Rica
81%
17th-21stDenmark
81%
20th-21st
Albania
81%
19th-20thEl Salvador
81%
18th-19thFrench Guiana
81%
19th-21stGreece
81%
20th-21stGuyana
81%
19th-21stHonduras
81%
17th-21stHungary
81%
20th-21stIndia - Republic
81%
17th-21stIran
81%
17th-21stIraq
81%
19th-21stItaly
81%
18th-21stLiechtenstein
81%
16th-21stMexico
81%
16th-21stNetherlands
81%
19th-21stNew Zealand
81%
17th-21stNorway
81%
20th-21stPanama
81%
17th-21stPoland
81%
17th-21stPortugal
81%
17th-21stSpain
81%
17th-18th & 20th-21stSuriname
81%
17th-21stSweden
81%
20th-21stUkraine
81%
19th-21stVenezuela
81%
17th-21stAlgeria
75%
20th
American Samoa
75%
19th-21stArgentina
75%
18th & 20th-21stBarbados
75%
20th-21stBelarus
75%
20thBelgian Congo
75%
18th-21stBhutan
75%
20th-21stBosnia-Herzegovina
75%
19th-21stBulgaria
75%
19th-21stCambodia
75%
20th-21stCongo, Democratic Republic
75%
19th-20thCongo Free State
75%
20th-21stCongo Republic
75%
19th-21stCroatia
75%
19th-21stCuba
75%
19th-21stCyprus
75%
20th-21stCzech Republic
75%
18th-20thDominica
75%
17th & 19th-20thDominican Republic
75%
19th-21stEcuador
75%
17th-21stEgypt
75%
17th & 20th-21stEstonia
75%
18th-21stEthiopia
75%
19th-21stFinland
75%
18th-21stGeorgia
75%
17th-21stGuatemala
75%
18th-21stHaiti
75%
19th-21stIceland
75%
20th-21stIndonesia
75%
17th-19thIreland
75%
20th-21stIreland Republic
75%
20th-21stIsrael
75%
20th-21stKazakhstan
75%
20th-21stKorea - North
75%
20th-21stKorea - South
75%
20th-21stKyrgyzstan
75%
20th-21stLatvia
75%
17th-18th & 20th-21stLithuania
75%
18th-21stLuxembourg
75%
17th-21stMaldive Islands
75%
20th-21stMoldova
75%
17th-21stMonaco
75%
19th-20thMontenegro
75%
18th-21stMozambique
75%
20th-21stNauru
75%
16th-21stNepal
75%
19th-21stNicaragua
75%
20th-21stOman
75%
20th-21stPakistan
75%
20th-21stPapua New Guinea
75%
19th-21stParaguay
75%
17th-21stPeru
75%
18th-21stPhilippines
75%
20th-21stQatar
75%
19th-21stRomania
75%
20thSaint Kitts & Nevis
75%
20th-21stSamoa
75%
19th-21stSan Marino
75%
19th-21stSaudi Arabia
75%
19th-21stSerbia
75%
20th-21stSingapore
75%
20th-21stSlovakia
75%
20th-21stSlovenia
75%
20th-21stSomalia
75%
17th-18th & 20th-21stSyria
75%
20th-21stTajikistan
75%
18th-21stThailand
75%
19th-21stTrinidad & Tobago
75%
17th-21stTunisia
75%
20th-21stTurkmenistan
75%
20th-21stUnited Arab Emirates
75%
19th-21stUruguay
75%
17th-20thYemen
75%
21stYemen Republic
75%
17th-21stAngola
69%
19th-20thAntigua and Barbuda
69%
20th-21stBahrain
69%
20th-21stBangladesh
69%
17th-21stBolivia
69%
20th-21stBurundi
69%
20th-21stCameroon
69%
20th-21stChad
69%
20th-21stDjibouti
69%
20th-21stEquatorial Guinea
69%
19th-20thEritrea
69%
20th-21stGambia
69%
20th-21stGhana
69%
20th-21stGuinea
69%
20th-21stIvory Coast
69%
20th-21stKenya
69%
19th-21stKuwait
69%
20th-21stLao
69%
20th-21stLebanon
69%
20th-21stLesotho
69%
19th-21stLiberia
69%
17th-21stLibya
69%
20thMali
69%
20th-21stMalta
69%
20thMarshall Islands
69%
20th-21stMongolia
69%
17th-21stMorocco
69%
18th & 20th-21stMyanmar
69%
20th-21stNamibia
69%
20th-21stNiger
69%
19th-21stNigeria
69%
20thPalestine
69%
20thSaint Lucia
69%
20th-21stSeychelles
69%
19th-21stSouth Africa
69%
21stSouth Sudan
69%
20th-21stSri Lanka
69%
19th-21stSudan
69%
20th-21stSwaziland
69%
20thTannu Tuva
69%
20th-21stTanzania
69%
20th-21stTogo
69%
20th-21stTonga
69%
20th-21stVanuatu
69%
20th-21stVatican City
69%
17th-21stVietnam
69%
20th-21stZimbabwe
69%
19th-21stBahamas
63%
20th-21stBenin
63%
20th-21stBotswana
63%
19th-20thBrunei
63%
21stBurkina Faso
63%
20th-21stCape Verde
63%
20th-21stCentral African Republic
63%
20thCzechoslovakia
63%
21stEast Timor
63%
20th-21stFiji
63%
20th-21stGabon
63%
20thGuinea-Bissau
63%
18th-21stJamaica
63%
20th-21thKiribati
63%
20th-21stMacedonia
63%
20th-21stMadagascar
63%
20th-21stMalawi
63%
19th-21stMauritius
63%
20th-21stPalau
63%
20th-21stRwanda
63%
19th-20thSaint Thomas & Prince
63%
18th-20thSaint Vincent
63%
20thSenegal
63%
18th-21stSierra Leone
63%
17th-21stTurkey
63%
20th-21stTuvalu
63%
20th-21stUganda
63%
20th-21stYugoslavia
63%
20th-21stZambia
63%
19th-21stComoros
56%
20thFaroe Islands
56%
19th-20thGreenland
56%
18th-20thGrenada
56%
20th-21stJordan
56%
17th-19thScotland
56%
20th-21stUzbekistan
56%
17th-18th & 20th-21stBermuda
50%
20th-21stCayman Islands
50%
20th-21stFalkland Islands
50%
19th-21stHong Kong
50%
18th-21stIsle of Man
50%
20th-21stMauritania
50%
20th-21stSolomon Islands
50%
18th-20thTibet
50%
20thGermany - Democratic Republic
44%
19th-21stJersey
44%
20th-21stMacau
44%
19thPuerto Rico
44%
18th-20thAzores
38%
20th-21stCook Islands
38%
19th-21stGibraltar
38%
20th-21stNew Caledonia
38%
20thRhodesia
38%
18th-19thSaint Martin
38%
20thAnguilla
31%
20th-21stAruba
31%
18th-21stBritish Virgin Islands
31%
19th-20thCrete
31%
18th-20thCuracao
31%
18th-20thDanzig
31%
20th-21stFrench Polynesia
31%
18th-20thGuadeloupe
31%
17th-20thKorea
31%
18th-20thMartinique
31%
18th and 20thMontserrat
31%
20th-21stNiue
31%
19th-20thReunion
31%
20thSaint Pierre & Miquelon
31%
20th-21stTokelau Islands
31%
20th-21stTurks & Caicos Islands
31%
19th-20thZanzibar
31%
18th-20thCeylon
25%
17th-18thCrimea (Krim)
25%
19th-21stGuernsey
25%
20th-21stPitcairn Islands
25%
20th-21stSaharawi Arab Democratic Republic
25%
19thSaint Bartholomew
25%
20thSouth Arabia
25%
20thYemen, Democratic Republic
25%
19th-20thFrench West Africa
19%
17th-20thIndia - British
19%
20thMalaya
19%
20thSaarland
19%
20th-21stSomaliland
19%
20th-21stSouth Georgia and the South Sandwich Islands
19%
18thTobago
19%
20thZaire
19%
20th-21stAscension Island
13%
21stBritish Indian Ocean Territory
13%
20thBritish West Africa
13%
20thDahomey
13%
20thFrench Oceania
13%
19th-20thItalian Somaliland
13%
20thKiau Chau
13%
20thNew Guinea
13%
20th-21stSaint Helena
13%
19th-20thStraits Settlements
13%
19th-20thTimor
13%
20thYemen Arab Republic
13%
20thAjman
6%
20th-21stAlderney
6%
19thAndaman Islands
6%
17th-18thAustrian Netherlands
6%
17th-19thAustrian States
6%
20thBiafra
6%
21stBritish Antarctic Territory
6%
19th-20thBritish Honduras
6%
19thBritish West Indies
6%
20th-21stCentral African States
6%
19thCentral American Republic
6%
17-20thCentral Asia
6%
20thChina - Japanese Puppet States
6%
18th-20thDanish West Indies
6%
19th-20thEast Africa
6%
20th-21stEast Caribbean States
6%
20thEquatorial African States
6%
18th-19thEssequibo and Demerary
6%
20thFrench Afars & Issas
6%
18th-19thFrench Colonies
6%
19th-20thFrench Equatorial Africa
6%
19th-20thFrench Indochina
6%
19th-20thFrench Somaliland
6%
17th-18thFrench States
6%
20thFujairah
6%
19th-20thGerman East Africa
6%
17th-20thGerman States
6%
18th-19thGold Coast
6%
20thHejaz
6%
17thIndia - Danish
6%
17th-18thIndia - Dutch
6%
17th-19thIndia - French
6%
17th-19thIndia - Independent Kingdoms
6%
17th-19thIndia - Mughal Empire
6%
17th-20thIndia - Portuguese
6%
17th-20thIndia - Princely States
6%
19thIonian Islands
6%
17th-19thItalian States
6%
20thKatanga
6%
17th-18thLivonia
6%
18thLivonia & Estonia
6%
19th-20thMadeira Islands
6%
20thMalaya & British Borneo
6%
16th-20thMalay Peninsula
6%
18th-19thMoldavia & Wallachia
6%
19th-20thMuscat & Oman
6%
20th-21stNetherlands Antilles
6%
17th-21stNetherlands East Indies
6%
19thNevis
6%
20thQatar & Dubai
6%
20thRas Al-Khaimah
6%
20thRhodesia & Nyasaland
6%
19thRussia - Siberia
6%
20thRwanda-Burundi
6%
18th-19thSaint Eustatius
6%
20th-21stSaint Helena & Ascension
6%
19th-20thSarawak
6%
20thSharjah
6%
20thSouthern Rhodesia
6%
20thSpain - Civil War
6%
17th-18thSpanish Netherlands
6%
17th-18thSwiss Cantons
6%
20thThird Reich
6%
20thTonkin
6%
20th-21stTransnistria
6%
20th-21stTristan Da Cunha
6%
20thUmm Al Qaiwain
6%
17th-18thUnited States - Colonial
6%
20thWeimar Republic
6%
20th-21stWest African States
6%
18thWindward Islands
6%
17th-19thBohemia
0%
20thBohemia and Moravia
0%
19th-20thBritish Guyana
0%
19th-20thBritish North Borneo
0%
20thCherokee Nation
0%
17th-18thCourland
0%
21stCreek Nation
0%
19thFrench Conchin China
0%
18th-19thIsle de Bourbon
0%
20thKeeling Cocos
0%
17th-18thLiege
0%
20th-21stNagorno-Karabakh
0%
20thNew Hebrides
0%
17th-19thRagusa
0%
20thRussian Caucasia
0%
18thSaudi Arabia - Hejez
0%
21stShawnee Tribal Nation
0%
17th-18thSpain - Local
0%
20thSpitzbergen
0%
20thTatarstan
0%
17th-18thTransylvania
0%

Score Distribution

Percentile by Number Answered

Percent of People with Each Score

Your Score History

You have not taken this quiz